ბათუმის შოთა რუსთაველის სახელმწიფო უნივერსიტეტის ბიბლიოთეკა

ვისწავლოთ ერთად. ინკლუზიური განათლება (ბიბ.ჩანაწერი № 34757)

000 -LEADER
fixed length control field 00820nam a2200229Ia 4500
001 - CONTROL NUMBER
control field 555
003 - CONTROL NUMBER IDENTIFIER
control field GE_BSU
008 - FIXED-LENGTH DATA ELEMENTS--GENERAL INFORMATION
fixed length control field 181216s||||||||xx |||||||||||||| ||und||
020 ## - INTERNATIONAL STANDARD BOOK NUMBER
International Standard Book Number 978994100537
040 ## - CATALOGING SOURCE
Transcribing agency GE_BSU
080 ## - UNIVERSAL DECIMAL CLASSIFICATION NUMBER
Universal Decimal Classification number 376.3
245 ## - TITLE STATEMENT
Title ვისწავლოთ ერთად. ინკლუზიური განათლება
245 ## - TITLE STATEMENT
Statement of responsibility, etc. რედ. პაჭკორია თათია
260 ## - PUBLICATION, DISTRIBUTION, ETC.
Place of publication, distribution, etc. თბილისი
260 ## - PUBLICATION, DISTRIBUTION, ETC.
Date of publication, distribution, etc. 2008
300 ## - PHYSICAL DESCRIPTION
Extent 512 გვ
653 ## - INDEX TERM--UNCONTROLLED
Uncontrolled term ვისწავლოთ ერთად
653 ## - INDEX TERM--UNCONTROLLED
Uncontrolled term ინკლუზიური განათლება;
653 ## - INDEX TERM--UNCONTROLLED
Uncontrolled term შეზღუდული შესაძლებლობების მქონე პირთა განათლება;
942 ## - ADDED ENTRY ELEMENTS (KOHA)
Koha item type წიგნი
ეგზემპლარები
Withdrawn status Lost status Damaged status Not for loan Date acquired Barcode Date last seen Price effective from Koha item type
        2018-12-17 1140 2018-12-17 2018-12-17 წიგნი